000 01198cam a22002891i 4500
003 SA-RiAUC
005 20250515064850.0
008 250513s1997 su g b f000 0 ara c
020 _z21
040 _aSA-RiAUC
_bara
_cSA-RiAUC
_erda
050 4 _b.R23 1996
082 0 4 _a801.95
_qSA-RiAUC
090 _a801.95
_b ر ب ي
100 1 _aالربيعي، حامد صالح خلف،
_d1379 هجري-
_eمؤلف.
245 1 2 _aالقراءة الناقدة في ضوء نظرية النظم /
_cحامد صالح الربيعي.
264 1 _aمكة المكرمة ؛
_aالرياض :
_bمطبوعات جامعة أم القرى، معهد البحوث العلمية وإحياء التراث الإسلامي،
_c1997
300 _a84 صفحة ؛
_c24 سم.
336 _aنص
_btxt
_2rdacontent
_3كتاب
337 _aبدون وسيط
_bn
_2rdamedia
338 _aمجلد
_bnc
_2rdacarrier
440 0 _aسلسلة بحوث اللغة العربية وآدابها
504 _aببليوجرافية : صفحة 79-81.
650 7 _aالأدب
_xتاريخ ونقد
_2aucsh
942 _2ddc
_cBOOK
_n0
949 _aSA-JeALM
_d250513
_umohamedma123
_n1
999 _c7932
_d7932